| 000 | 01354nam a22002777a 4500 | ||
|---|---|---|---|
| 005 | 20240305165618.0 | ||
| 007 | cr|||| |||| | ||
| 008 | 210909s2014 br |||||s|||| 00||0 por d | ||
| 020 | _a9000000052512 | ||
| 035 | _a35147 | ||
| 040 | _avLex | ||
| 090 |
_c12388 _d12388 |
||
| 100 | 1 | _aLongo, José Henrique | |
| 245 | 1 | 0 |
_aPlanejamento Sucessório _h[Recurso electrónico] / _cJosé Henrique Longo, Luiz Kignel, Márcia Setti Phebo |
| 256 | _aServicio en línea | ||
| 260 |
_aSan Pablo: _bEditora Noeses, _c2014 |
||
| 300 | _a1 recurso electrónico | ||
| 500 | _aO Planejamento Sucessório é um dos alicerces para a governança, o desenvolvimento e a continuidade sadia das empresas familiares. Por isso, esmiúça, de forma prática, objetiva e direta, os aspectos familiares, societários e tributários que envolvem a temática. | ||
| 506 | 1 |
_aDisponible solo en los productos indicados _dvLex Global _dvLex Global (Academic Edition, excluding Law Schools) _dvLex Global (U.S. Academic Edition, Law Schools) _dvLex Global (U.S. Academic Edition, excluding Law Schools) _dvLex Global (Academic Edition, Law Schools) |
|
| 650 | 0 | 4 |
_aFamilia y Sucesiones _zBrasil |
| 700 | 1 | _aKignel, Luiz | |
| 700 | 1 | _aSetti Phebo, Márcia | |
| 740 | 0 | _avLex Libros (Servicio en línea) | |
| 856 | 4 | 0 | _uhttps://app.vlex.com/#/sources/35147 |
| 942 | _cRAA | ||
| 999 |
_c170624 _d170624 |
||